Central Library OPAC University of Rajshahi

মধ্যযুগের মুসলিম ইতিহাস / (Record no. 84981)

MARC details
000 -LEADER
fixed length control field 00833nam a2200217 a 4500
001 - CONTROL NUMBER
control field 84981
003 - CONTROL NUMBER IDENTIFIER
rucl marc code BD-RjUL
005 - DATE AND TIME OF LATEST TRANSACTION
control field 20250527100506.0
008 - FIXED-LENGTH DATA ELEMENTS--GENERAL INFORMATION
fixed length control field 250526s1976 bg ||||| |||| 00| 0 ben d
035 ## - SYSTEM CONTROL NUMBER
System control number (BD-RjUL)84981
040 ## - CATALOGING SOURCE
Original cataloging agency BD-RjUL
Language of cataloging eng
Transcribing agency BD-RjUL
041 ## - LANGUAGE CODE
Language code of text/sound track or separate title ben
082 ## - DEWEY DECIMAL CLASSIFICATION NUMBER
Classification number 954.0234
Author mark and year AHM 1976
100 ## - MAIN ENTRY--PERSONAL NAME
Personal name আহমেদ, আশরাফউদ্দিন
9 (RLIN) 15652
245 ## - TITLE STATEMENT
Title মধ্যযুগের মুসলিম ইতিহাস /
Statement of responsibility, etc. আশরাফউদ্দিন আহমেদ
260 ## - PUBLICATION, DISTRIBUTION, ETC. (IMPRINT)
Place of publication, distribution, etc. ঢাকা :
Name of publisher, distributor, etc. বাংলা একাডেমী,
Date of publication, distribution, etc. ১৯৭৬
300 ## - PHYSICAL DESCRIPTION
Pagination ৫৫৮ পৃ.;
Size ২২ সেমি.
650 ## - SUBJECT ADDED ENTRY--TOPICAL TERM
Topical term or geographic name as entry element মুসলি ইতিহাস
General subdivision মধ্যযুগ
Geographic subdivision ভারত
9 (RLIN) 15653
Topical term or geographic name as entry element Muslim History
General subdivision Middle Ages
Geographic subdivision India
9 (RLIN) 15654
942 ## - ADDED ENTRY ELEMENTS (KOHA)
Source of classification or shelving scheme Dewey Decimal Classification
Koha item type Books
Holdings
Lost status Source of classification or shelving scheme Damaged status Not for loan Collection code Permanent Location Current Location Shelving location Date acquired Source of acquisition Total Checkouts Full call number Date last seen Copy number Koha item type
  Dewey Decimal Classification   Not For Loan Non-fiction Central Library, University of Rajshahi Central Library, University of Rajshahi Reading Room 05/06/1991 R.U.L.   B 954.0234 AHM 1976 27/05/2025 C-1 Books